Sports Quiz

Random Sports or Soccer Quiz

Everton and Newcastle United Quiz Stats

Quiz not verified by Sporcle

Challenge
Share
Tweet
Embed
Score 0/10 Timer 03:00
0 Plays Today
Player % Correct
Duncan Ferguson
80.9%
Gary Speed
74.4%
Steve Watson
66%
Alessandro Pistone
56.3%
Peter Beardsley
56.3%
Sylvain Distin
51.6%
Louis Saha
44.7%
David Ginola
41.4%
Marc Hottiger
30.8%
Dan Gosling
29.3%

You're not logged in!

Compare scores with friends on all Sporcle quizzes.
Sign Up with Email
OR
Log In

You Might Also Like...

Show Comments

Extras

Top Quizzes Today


Score Distribution

Your Account Isn't Verified!

In order to create a playlist on Sporcle, you need to verify the email address you used during registration. Go to your Sporcle Settings to finish the process.